| Tag |
First Indicator |
Second Indicator |
Subfields |
| LEADER |
00000cam a22000001a 4500 |
| 001 |
in00000071301 |
| 005 |
20151008062142.0 |
| 008 |
721115m19699999ve b 00010 spam |
| 010 |
|
|
|a 70443028
|
| 025 |
|
|
|a LACAP71-2677 (v. 2)
|
| 035 |
|
|
|a (OCoLC)00520598
|
| 035 |
|
|
|9 AAJ9629AM
|
| 040 |
|
|
|a DLC
|c DLC
|d m.c.
|d TXA
|d UtOrBLW
|
| 043 |
|
|
|a s-ve---
|
| 049 |
|
|
|a TXAM
|v 1 [1501855]
|v 2 [924854]
|
| 050 |
0 |
0 |
|a HC237
|b .R318
|
| 100 |
1 |
|
|a Rangel, Domingo Alberto.
|
| 245 |
1 |
0 |
|a Capital y desarrollo /
|c Domingo Alberto Rangel.
|
| 264 |
|
1 |
|a Caracas :
|b Instituto de Investigaciones Economicas y Sociales,
|c 1969-
|
| 300 |
|
|
|a volumes ;
|c 22 cm.
|
| 336 |
|
|
|a text
|b txt
|2 rdacontent
|
| 337 |
|
|
|a unmediated
|b n
|2 rdamedia
|
| 338 |
|
|
|a volume
|b nc
|2 rdacarrier
|
| 490 |
1 |
|
|a Coleccion Libros ;
|v v. 2
|
| 500 |
|
|
|a This set made up of various editions.
|
| 504 |
|
|
|a Includes bibliographical references.
|
| 505 |
0 |
|
|a t. 1. La etapa agraria -- t. 2. El rey petroleo.
|
| 650 |
|
0 |
|a Capital
|z Venezuela.
|
| 651 |
|
0 |
|a Venezuela
|x Economic conditions.
|
| 830 |
|
0 |
|a Colección Libros ;
|v v. 2-
|
| 999 |
|
|
|a MARS
|
| 999 |
f |
f |
|s 61d03063-5644-38fd-b479-a65de5e605d6
|i 44290402-f37f-3f76-9869-490656c5ba67
|t 0
|
| 952 |
f |
f |
|p ric
|a Texas A&M University
|b Rellis Campus
|c Joint Library Facility
|d Remote Storage
|t 0
|e HC237 .R318
|h Library of Congress classification
|i unmediated -- volume
|k t.2
|m A14806122255
|
| 952 |
f |
f |
|p ric
|a Texas A&M University
|b Rellis Campus
|c Joint Library Facility
|d Remote Storage
|t 0
|e HC237 .R318
|h Library of Congress classification
|i unmediated -- volume
|k t.1
|m A14806122247
|
| 998 |
f |
f |
|a HC237 .R318
|s t.1-t.2
|t 0
|l Remote Storage
|